Survivor: Ozzy, Malcolm, or Both? Quiz Stats

 Plays Quiz not verified by Sporcle

Challenge
Share
Tweet
Embed
Score 0/16 Timer 04:00
0 Plays Today
Question Answer Wrong Answers
Played over 100 days Ozzy
88.1%
Malcolm
1.2%
Both
6.9%
Spent time on Exile Island Ozzy
87.7%
Malcolm
1.5%
Both
5.8%
Won five individual immunity challenges in a season Ozzy
86.5%
Malcolm
1.2%
Both
6.5%
Appeared on back-to-back seasons Malcolm
86.2%
Ozzy
1.5%
Both
6.5%
Made a fake hidden immunity idol that another played used Ozzy
84.6%
Malcolm
3.1%
Both
6.5%
Played on a Fans vs. Favorites season Both
83.1%
Ozzy
6.9%
Malcolm
5.8%
Attended the combined Tribal Council in Survivor: Game Changers Malcolm
77.7%
Ozzy
7.7%
Both
9.6%
Always voted for the winner whenever they were on the jury Malcolm
77.3%
Ozzy
5.4%
Both
12.7%
Has started on a tribe with Sandra Diaz-Twine Malcolm
73.1%
Ozzy
8.8%
Both
13.5%
Won a reward challenge that gave them an advantage in the final immunity challenge Malcolm
72.3%
Ozzy
10.8%
Both
12.3%
Received a vote against them at the first Tribal Council they attended in their Survivor career Ozzy
68.5%
Malcolm
17.3%
Both
9.2%
Has negated votes with a Hidden Immunity Idol Malcolm
66.9%
Ozzy
3.8%
Both
24.2%
Voted off a total of three times Malcolm
65.8%
Ozzy
11.2%
Both
18.5%
Won the Fan Favorite Award presented at a reunion show Both
63.5%
Ozzy
17.7%
Malcolm
13.5%
Received votes against them in a Tribal Council that resulted in a tie Malcolm
58.8%
Ozzy
16.9%
Both
18.5%
Has voted against someone through a verbal vote Both
31.9%
Ozzy
29.2%
Malcolm
34.6%

You're not logged in!

Compare scores with friends on all Sporcle quizzes.
Join for Free
OR
Log In

You Might Also Like...

Show Comments

Extras

Top Quizzes Today


Score Distribution

Your Account Isn't Verified!

In order to create a playlist on Sporcle, you need to verify the email address you used during registration. Go to your Sporcle Settings to finish the process.

Report this User

Report this user for behavior that violates our Community Guidelines.

Details: